Biblioteca

Mensaje 1982 : Una jornada productiva de verdad / Consejo Ecuménico de Cuba (Registro nro. 42991)

Detalles MARC
000 -LÍDER
Campo fijo de descripción fija 009350000a22001330004500
001 - NÚMERO DE CONTROL
Campo de control 14078
041 0# - CÓDIGO DE IDIOMA
Código de idioma para texto/pista de sonido o título separado
082 04 - NÚMERO DE CLASIFICACIÓN DECIMAL DEWEY
Número de clasificación AV 0208
110 1# - ASIENTO PRINCIPAL--NOMBRE CORPORATIVO
Nombre corporativo o de jurisdicción como elemento de entrada Consejo Ecuménico de Cuba
245 10 - TÍTULO
Título del Material Mensaje 1982 : Una jornada productiva de verdad / Consejo Ecuménico de Cuba
300 ## - DESCRIPCIÓN FÍSICA
Extensión 32 Pág.
505 00 - NOTA DE CONTENIDO
Nota de contenido con formato preestablecido - Las Malvinas, El Libano y nuestra conciencia cristiana. Ham, Adolfo - El Encuentro Nacional del Consejo Ecuménico de Cuba. De la Paz Cerezo, Juan Manuel - La iglesia en pie de lucha. Campbell, Gary - Jesucristo no está dado en exclusiva - Informe sobre la reunión de la comisión "Solidaridad, liberación y desarrollo" de la CCP Internacional - Una asamblea como para la historia - Mensaje a las iglesias cubanas, a todos sus jóvenes - Apuntes sobre Kampuchea. Rodríguez Gutiérrez, Emilio - Impresiones de la 5ª Asamblea General del Consejo Angolano de Iglesias Evangélicas - La bomba de neutrones y la Biblia
942 ## - TIPO DE MATERIAL (KOHA)
Tipo de Item KOHA Libros General
Existencias
Estado de Material Estado de Perdido Estado de Dañado No para Préstamo Colección Tomo Biblioteca de Origen Biblioteca Permanente Fecha de Adquisición Total de Préstamos Signatura Topográfica Código de Barras Última vez visto Ejemplar/Existencia Fecha de Remplazo Tipo de Material
        Colección Folletos   Biblioteca FUSBC Biblioteca FUSBC 25/10/2006   AV 0208 23305 12/12/2019 1 26/01/2016 Documentos Archivo Vertical

Biblioteca FUSBC | Teléfono: (57+4) 349 88 10 Ext. 141| WhatsApp (+57) 3005338115 
E-mail: biblioteca@unisbc.edu.co | Calle 76 87-14 Robledo Palenque, Medellín, Colombia

Con tecnología Koha